Patrick White.

Bibliographic Details
Main Author: Dutton, Geoffrey
Format: Book
Language:English
Published: Melbourne : Lansdowne Press, [1963]
Edition:[3d. ed., rev. and enl.].
Series:Australian writers and their work.
Subjects:

MARC

Tag First Indicator Second Indicator Subfields
LEADER 00000cam a2200000 4500
001 in00000027598
005 20151007062649.0
008 790705s1963 at c b 00000 eng
010 |a  64003770  
035 |a (OCoLC)05138442 
035 |9 AAD5489AM 
040 |a DLC  |c ZYU  |d TXA  |d UtOrBLW 
049 |a TXAM  |c [469227] 
050 0 0 |a PR6045.H19  |b Z65 1963 
092 |a 823  |b W587Yd, 1963 
100 1 |a Dutton, Geoffrey. 
245 1 0 |a Patrick White. 
250 |a [3d. ed., rev. and enl.]. 
264 1 |a Melbourne :  |b Lansdowne Press,  |c [1963] 
300 |a 48 pages :  |b portrait ;  |c 21 cm. 
336 |a text  |b txt  |2 rdacontent 
337 |a unmediated  |b n  |2 rdamedia 
338 |a volume  |b nc  |2 rdacarrier 
490 1 |a Australian writers and their work 
500 |a Stamped on title page: Distributed by Sportshelf, New Rochelle, N.Y. 
504 |a Bibliography: page 48. 
600 1 0 |a White, Patrick,  |d 1912-1990. 
830 0 |a Australian writers and their work. 
999 |a MARS 
999 f f |s 7d7eb11a-5688-399e-8567-8c8f3c0f2752  |i c6bfe661-d422-3627-b654-39a4517b9dbd  |t 0 
952 f f |p ric  |a Texas A&M University  |b Rellis Campus  |c Joint Library Facility  |d Remote Storage  |t 0  |e PR6045.H19 Z65 1963  |h Library of Congress classification  |i unmediated -- volume  |m A14801333835 
998 f f |a PR6045.H19 Z65 1963  |t 0  |l Remote Storage